<?xml version="1.0" encoding="UTF-8"?>
<record
    xmlns:xsi="http://www.w3.org/2001/XMLSchema-instance"
    xsi:schemaLocation="http://www.loc.gov/MARC21/slim http://www.loc.gov/standards/marcxml/schema/MARC21slim.xsd"
    xmlns="http://www.loc.gov/MARC21/slim">

  <leader>00751nam a2200181   4500</leader>
  <controlfield tag="001">121132</controlfield>
  <controlfield tag="003">ES-MaACL</controlfield>
  <controlfield tag="005">20230906191709.0</controlfield>
  <controlfield tag="007">t|</controlfield>
  <controlfield tag="008">070214s1970    sp      r    ||||1| spa d</controlfield>
  <datafield tag="111" ind1="2" ind2=" ">
    <subfield code="a">Jornadas Nacionales de Pastoral Lit&#xFA;rgica (</subfield>
    <subfield code="c">Madrid (</subfield>
    <subfield code="d">1970) (</subfield>
    <subfield code="n">. 4&#xBA;)</subfield>
    <subfield code="9">844</subfield>
  </datafield>
  <datafield tag="245" ind1="1" ind2="0">
    <subfield code="a">Presidir la asamblea, al servicio de una celebraci&#xF3;n viva </subfield>
    <subfield code="b">: [Jornadas Nacionales de Pastoral Lit&#xFA;rgica] / </subfield>
    <subfield code="c">P. Tena... [et al.] ; [organizadas por el] Secretariado Nacional de Liturgia.</subfield>
  </datafield>
  <datafield tag="260" ind1=" " ind2=" ">
    <subfield code="a">Madrid : </subfield>
    <subfield code="b">Propaganda Popular Cat&#xF3;lica, </subfield>
    <subfield code="c">1970.</subfield>
  </datafield>
  <datafield tag="300" ind1=" " ind2=" ">
    <subfield code="a">267 p. ; </subfield>
    <subfield code="c">22 cm.</subfield>
  </datafield>
  <datafield tag="700" ind1="1" ind2=" ">
    <subfield code="a">Tena, Pere (</subfield>
    <subfield code="d">1928-2014)</subfield>
    <subfield code="9">109685</subfield>
  </datafield>
  <datafield tag="710" ind1="2" ind2=" ">
    <subfield code="a">Secretariado Nacional de Liturgia (Espa&#xF1;a)</subfield>
    <subfield code="9">6534</subfield>
  </datafield>
  <datafield tag="852" ind1=" " ind2=" ">
    <subfield code="a">ES-MaACL</subfield>
    <subfield code="j">C-44657 </subfield>
    <subfield code="b">R.74555</subfield>
  </datafield>
  <datafield tag="999" ind1=" " ind2=" ">
    <subfield code="c">121132</subfield>
    <subfield code="d">121132</subfield>
  </datafield>
  <datafield tag="952" ind1=" " ind2=" ">
    <subfield code="0">0</subfield>
    <subfield code="1">0</subfield>
    <subfield code="4">0</subfield>
    <subfield code="7">0</subfield>
    <subfield code="a">ATENEOM</subfield>
    <subfield code="b">ATENEOM</subfield>
    <subfield code="c">DEPO2</subfield>
    <subfield code="d">2008-01-17</subfield>
    <subfield code="e">SC</subfield>
    <subfield code="l">0</subfield>
    <subfield code="o">C-44657</subfield>
    <subfield code="p">1126244</subfield>
    <subfield code="r">2023-02-23 00:00:00</subfield>
    <subfield code="w">2023-02-23</subfield>
    <subfield code="y">MONOGRAFIA</subfield>
  </datafield>
</record>
